000
00333nam a2200145Ia 4500
008
090124s9999 xx 000 0 und d
082
_b
303600
245
_a
शर्थ
250
_a
1
260
_b
राजे शैलजा
_c
1998
300
_a
151
630
_a
शर्थ
730
_a
शर्थ
942
_c
BOOK
999
_c
193237
_d
193237